000 00396nam a22001457a 4500
020 _qHB.
040 _cFIZZA ISHAQ
082 _a631.4
_bBUD
100 _aCHU,JIAN INDRARATNA BUDDHIMA.
_990153
245 _aGROUND IMPROVEMENT CASE HISTORY /
_cBUDDHIMA INDRARATNA JIAN CHU.
250 _a1st ED.
260 _aNEW YORK ;
_bBUTTERWORTH HEINEMANN
_c2015.
300 _a703 P. ;
942 _2ddc
_cBK
999 _c588511
_d588511